000 00664nam a2200289Ia 4500
005 20260324132845.0
008 008 260324s9999 xx 000 0 eng d
020 _a9781315251219
037 _aEBOOK
040 _aCRL
040 _beng
040 _cCRL
041 _2eng
041 _aeng
084 _qCRL
100 _aJoseph L. Mangina
_91190883
245 0 _aKarl Barth
245 0 _bTheologian of Christian Witness
260 _bTaylor and Francis
260 _c2004
365 _a
365 _b300
856 _uhttp://www.taylorfrancis.com/books/9781315251219
942 _cEBOOK
999 _c1789358
_d1789358